[Event "Interclubs Adultes"]
[Site "Evry"]
[Date "29.??.??"]
[Round "8.1"]
[White "Bologan, Viktor"]
[Black "Jakovenko, Dmitry"]
[Result "1/2-1/2"]
[WhiteElo "2665"]
[BlackElo "2711"]
[PlyCount "60"]
[EventDate "29.??.??"]
[WhiteTeam "Gonfreville l'Orcher"]
[BlackTeam "Clichy"]

1. e4 e5 2. Nf3 Nc6 3. Bc4 Bc5 4. c3 Nf6 5. d3 a6 6. O-O Ba7 7. Bb3 d6 8. Re1
O-O 9. h3 h6 10. Nbd2 Re8 11. a4 Be6 12. Bxe6 Rxe6 13. b4 d5 14. Qc2 Ne7 15.
exd5 Nfxd5 16. Rxe5 Rxe5 17. Nxe5 Nxc3 18. Ndf3 Ncd5 19. Bd2 Qd6 20. Re1 Rd8
21. Qc4 c6 22. b5 axb5 23. axb5 cxb5 24. Qxb5 Qc5 25. Qxb7 Qxf2+ 26. Kh1 Bb8
27. d4 Bc7 28. Nc6 Nf5 29. Nxd8 Ng3+ 30. Kh2 Nf1+ 1/2-1/2

[Event "Interclubs Adultes"]
[Site "Evry"]
[Date "29.??.??"]
[Round "8.4"]
[White "Naiditsch, Arkadij"]
[Black "Degraeve, Jean-Marc"]
[Result "1/2-1/2"]
[WhiteElo "2623"]
[BlackElo "2556"]
[PlyCount "173"]
[EventDate "29.??.??"]
[WhiteTeam "Clichy"]
[BlackTeam "Gonfreville l'Orcher"]

1. e4 e5 2. Nf3 Nc6 3. Bb5 f5 4. d3 fxe4 5. dxe4 Nf6 6. O-O Bc5 7. Qd3 d6 8.
Nc3 Bd7 9. Qc4 Qe7 10. Nd5 Nxd5 11. exd5 Nd4 12. Nxd4 Bxd4 13. Bxd7+ Qxd7 14.
a4 a6 15. Be3 Bxe3 16. fxe3 O-O-O 17. Rf3 Rdf8 18. Raf1 Rxf3 19. Rxf3 Kb8 20.
Qh4 g6 21. b3 Re8 22. e4 a5 23. h3 Qg7 24. Qe1 b6 25. Qf2 h5 26. Rf7 Qh6 27. b4
axb4 28. a5 b3 29. cxb3 Qc1+ 30. Kh2 bxa5 31. Rf3 g5 32. Qe2 Qc5 33. Rf5 g4 34.
Rxh5 gxh3 35. Rxh3 Rf8 36. Qe3 Qb4 37. Rh7 Kb7 38. Qc1 Qb6 39. Qc4 Rf2 40. Rh8
Rf4 41. Rh3 Rf8 42. Rh7 Rf4 43. Rh8 Qc5 44. Qd3 Ka7 45. Rh3 Kb7 46. Rf3 Rh4+
47. Kg3 Rh7 48. Re3 Rg7+ 49. Kh2 Rh7+ 50. Rh3 Rf7 51. Qe3 Kb6 52. Qe1 Rf4 53.
Re3 Rh4+ 54. Kg3 Rh1 55. Qc3 Rc1 56. Qd3 Qd4 57. Kf3 Qxd3 58. Rxd3 Rf1+ 59. Ke3
Re1+ 60. Kf3 Rf1+ 61. Ke2 Rf4 62. Re3 Kc5 63. g3 Rf7 64. Rd3 Rf8 65. Rd1 Kb4
66. Rd3 Kc5 67. Kd2 Rf2+ 68. Ke3 Rf1 69. Ke2 Rf8 70. Rf3 Rxf3 71. Kxf3 Kb4 72.
g4 Kxb3 73. g5 a4 74. g6 a3 75. g7 a2 76. g8=Q a1=Q 77. Qb8+ Kc4 78. Qxc7+ Kd3
79. Qxd6 Qf1+ 80. Kg4 Qf4+ 81. Kh5 Kxe4 82. Qe6 Qh2+ 83. Kg6 Qg1+ 84. Kh7 Qa7+
85. Kg6 Qg1+ 86. Kh7 Qa7+ 87. Kg6 1/2-1/2

[Event "Interclubs Adultes"]
[Site "Evry"]
[Date "29.??.??"]
[Round "8.5"]
[White "Vallin, Guillaume"]
[Black "Fressinet, Laurent"]
[Result "0-1"]
[WhiteElo "2409"]
[BlackElo "2656"]
[PlyCount "60"]
[EventDate "29.??.??"]
[WhiteTeam "Gonfreville l'Orcher"]
[BlackTeam "Clichy"]

1. d4 d5 2. c4 c6 3. Nc3 Nf6 4. e3 g6 5. Nf3 Bg7 6. Bd3 O-O 7. O-O Bg4 8. h3
Bxf3 9. Qxf3 e6 10. Rd1 Nbd7 11. e4 e5 12. dxe5 Nxe5 13. Qe2 d4 14. Bc2 Nfd7
15. Nb1 Nc5 16. Na3 d3 17. Qe3 Qb6 18. Bb3 Rfe8 19. Kh1 Rad8 20. f4 Ned7 21. e5
Kh8 22. Qg1 f6 23. Be3 fxe5 24. Rxd3 exf4 25. Bd4 Bxd4 26. Rxd4 Ne4 27. Rad1
Ng3+ 28. Kh2 Ne2 29. c5 Qxc5 30. Rxd7 Qxg1+ 0-1

[Event "Interclubs Adultes"]
[Site "Evry"]
[Date "29.??.??"]
[Round "8.6"]
[White "Skripchenko, Almira"]
[Black "Collas, Silvia"]
[Result "1-0"]
[WhiteElo "2443"]
[BlackElo "2395"]
[PlyCount "63"]
[EventDate "29.??.??"]
[WhiteTeam "Clichy"]
[BlackTeam "Gonfreville l'Orcher"]

1. e4 c5 2. Nf3 e6 3. c3 Nf6 4. d3 Nc6 5. g3 d6 6. Bg2 g6 7. O-O Bg7 8. Nbd2 e5
9. a3 O-O 10. b4 h6 11. Bb2 Be6 12. Re1 Ne8 13. Nb3 Qb6 14. Nfd2 a5 15. bxc5
dxc5 16. a4 Nc7 17. Ba3 Na6 18. Rb1 Qa7 19. Qe2 Rfd8 20. Na1 Rd7 21. Nc2 Rad8
22. Ne3 Nc7 23. Red1 h5 24. Ndc4 Na8 25. Nd5 Ne7 26. Ncb6 Nxb6 27. Nxe7+ Rxe7
28. Bxc5 Red7 29. Bxb6 Qa6 30. Bxd8 Rxd8 31. Rb5 Rc8 32. Qb2 1-0

[Event "Interclubs Adultes"]
[Site "Evry"]
[Date "29.??.??"]
[Round "8.7"]
[White "Eliet, Nicolas"]
[Black "Apicella, Manuel"]
[Result "0-1"]
[WhiteElo "2451"]
[BlackElo "2532"]
[PlyCount "110"]
[EventDate "29.??.??"]
[WhiteTeam "Gonfreville l'Orcher"]
[BlackTeam "Clichy"]

1. d4 Nf6 2. Bg5 Ne4 3. Bh4 c5 4. f3 g5 5. fxe4 gxh4 6. e3 cxd4 7. exd4 d5 8.
exd5 Qxd5 9. Nc3 Qa5 10. Bb5+ Bd7 11. Bxd7+ Nxd7 12. Qf3 Bh6 13. Nge2 Qg5 14.
O-O Qe3+ 15. Kh1 Qxf3 16. Rxf3 Rc8 17. Rf5 Rg8 18. Raf1 Rc6 19. Nf4 Rg5 20.
Nfe2 Nf6 21. Rxg5 Bxg5 22. h3 h6 23. a4 Nh5 24. Rf3 Bd2 25. Kg1 Rb6 26. Nd1 Re6
27. Kf2 Nf6 28. Ndc3 Rb6 29. b3 Rc6 30. Kf1 Nh5 31. d5 Rc5 32. Rd3 Bxc3 33.
Nxc3 Nf4 34. Rf3 Nxd5 35. Nxd5 Rxd5 36. Ke2 Rg5 37. Kf2 e5 38. Rf6 h5 39. Rh6
Kd7 40. Rh7 Ke6 41. Rh6+ Kd7 42. Rh7 Rf5+ 43. Ke3 a5 44. Rh8 Rg5 45. Kf2 e4 46.
Rh7 Ke6 47. Rh6+ f6 48. Rh7 Rg3 49. Rxb7 Rc3 50. Rb6+ Ke5 51. Rb5+ Kf4 52. Rxa5
Rxc2+ 53. Ke1 Rxg2 54. Rxh5 f5 55. a5 Rb2 0-1

[Event "Interclubs Adultes"]
[Site "Evry"]
[Date "29.??.??"]
[Round "8.8"]
[White "Edouard, Romain"]
[Black "Collas, Didier"]
[Result "1-0"]
[WhiteElo "2509"]
[BlackElo "2446"]
[PlyCount "177"]
[EventDate "29.??.??"]
[WhiteTeam "Clichy"]
[BlackTeam "Gonfreville l'Orcher"]

1. e4 c5 2. Nf3 d6 3. d4 Nf6 4. Nc3 cxd4 5. Nxd4 a6 6. Be3 e5 7. Nf3 Be7 8. Bc4
O-O 9. O-O Nbd7 10. a4 b6 11. Nh4 g6 12. Bh6 Re8 13. Qf3 Bb7 14. Nf5 Rc8 15.
Ne3 Nc5 16. Bd5 Nxd5 17. Ncxd5 Ne6 18. Qd1 Nc5 19. Qg4 Nd7 20. c3 Nf6 21. Nxf6+
Bxf6 22. Rfd1 Re6 23. Nd5 Bxd5 24. Rxd5 Rc6 25. Qe2 Qc8 26. Qd3 Be7 27. Be3 Bf8
28. Ra3 Re8 29. h3 Qb7 30. c4 Rb8 31. b3 Qc8 32. Ra1 Qc7 33. Rd1 Re8 34. g3 Qb8
35. Kg2 Qc7 36. Qe2 Qc8 37. Qg4 Qe6 38. Bc1 f5 39. exf5 Qxf5 40. Qxf5 gxf5 41.
f4 Kf7 42. Kf2 Re6 43. Bb2 Bg7 44. Re1 Rc5 45. Ba3 Rc6 46. Red1 Ke7 47. a5 bxa5
48. Rxa5 Kf7 49. Rad5 Ke7 50. g4 exf4 51. gxf5 Rh6 52. R1d3 Kd7 53. c5 Bf8 54.
Bc1 Rh4 55. Bd2 Kc7 56. Ba5+ Kd7 57. Bc3 f3 58. Kg3 f2 59. Kxf2 Re4 60. Be5 Kc7
61. cxd6+ Kd7 62. Kf3 Rh4 63. Kg3 Rb4 64. Bf4 h5 65. h4 Rc2 66. f6 Rb2 67. Rxh5
R2xb3 68. Rxb3 Rxb3+ 69. Kg4 Ke6 70. Rh8 Kf7 71. Kf5 Rb5+ 72. Ke4 Rb4+ 73. Ke3
Rb3+ 74. Ke2 Rb4 75. Kf3 Rb3+ 76. Ke2 Rb4 77. d7 Rd4 78. Bh6 Bxh6 79. d8=Q Rxd8
80. Rxd8 Bf4 81. Kf3 Be5 82. Kg4 Kxf6 83. Rc8 a5 84. Rc6+ Kg7 85. Kg5 a4 86.
Re6 Bb2 87. Re7+ Kf8 88. Ra7 a3 89. Kg6 1-0

[Event "Interclubs Adultes"]
[Site "Evry"]
[Date "29.05.29"]
[Round "8.1"]
[White "Postny, Evgeny"]
[Black "Van Wely, Loek"]
[Result "0-1"]
[WhiteElo "2649"]
[BlackElo "2676"]
[PlyCount "86"]
[EventDate "29.??.??"]
[WhiteTeam "Metz Fischer"]
[BlackTeam "Montpellier"]

1. d4 d5 2. c4 c6 3. Nf3 Nf6 4. Nc3 e6 5. Bg5 h6 6. Bxf6 Qxf6 7. e3 Nd7 8. Rc1
g5 9. cxd5 exd5 10. Bd3 g4 11. Nd2 h5 12. O-O Bd6 13. Bb1 Nb6 14. Re1 Kf8 15.
Nf1 h4 16. e4 Bf4 17. Rc2 Be6 18. g3 Bg5 19. Ne3 Qg7 20. exd5 cxd5 21. Rce2 Qf6
22. Qd3 Rc8 23. Nb5 Qf3 24. Nd6 Rc7 25. Nb5 Re7 26. Nf1 a6 27. Nd6 hxg3 28.
fxg3 Qxd3 29. Bxd3 Bf6 30. Nf5 Bxf5 31. Bxf5 Bxd4+ 32. Kg2 Rxe2+ 33. Rxe2 Rg8
34. Rd2 Bf6 35. Rc2 Rg5 36. Bd3 Re5 37. Rc7 Re1 38. Rxb7 Bd4 39. Rc7 Ra1 40. a3
Bxb2 41. Bxa6 Bd4 42. Bd3 Rxa3 43. Bf5 Rf3 0-1

[Event "Interclubs Adultes"]
[Site "Evry"]
[Date "29.05.29"]
[Round "8.2"]
[White "Prie, Eric"]
[Black "Svetushkin, Dmitry"]
[Result "1/2-1/2"]
[WhiteElo "2520"]
[BlackElo "2568"]
[PlyCount "65"]
[EventDate "29.??.??"]
[WhiteTeam "Montpellier"]
[BlackTeam "Metz Fischer"]

1. d4 d5 2. Nf3 c6 3. Bf4 Qb6 4. Qc1 Bf5 5. e3 Nf6 6. c4 e6 7. Nc3 Nbd7 8. c5
Qd8 9. b4 Be7 10. h3 O-O 11. Be2 Ne4 12. O-O Bf6 13. Rd1 Re8 14. Bd3 a5 15. a3
Nxc3 16. Qxc3 Bxd3 17. Rxd3 Ra6 18. Rdd1 Qa8 19. Bc7 b6 20. Bd6 Qb7 21. Rab1 b5
22. Rdc1 Qa7 23. Qb2 axb4 24. axb4 Ra2 25. Qc3 h6 26. Re1 Qa4 27. Rb3 Ra8 28.
e4 dxe4 29. Rxe4 Ra1+ 30. Kh2 Rf1 31. Re2 Qa1 32. Qxa1 Raxa1 33. Ne5 {
Suite illisible} 1/2-1/2

[Event "Interclubs Adultes"]
[Site "Evry"]
[Date "29.??.??"]
[Round "8.3"]
[White "Riazantsev, Alexander"]
[Black "Hamdouchi, Hichem"]
[Result "1-0"]
[WhiteElo "2638"]
[BlackElo "2576"]
[PlyCount "127"]
[EventDate "29.??.??"]
[WhiteTeam "Metz Fischer"]
[BlackTeam "Montpellier"]

1. d4 d5 2. c4 c6 3. Nf3 Nf6 4. Nc3 dxc4 5. a4 Na6 6. e3 Be6 7. a5 Nb4 8. Ne5
Nd7 9. Nxc4 Bxc4 10. Bxc4 e6 11. Qb3 b5 12. axb6 Nxb6 13. O-O Be7 14. Bd2 O-O
15. Ne4 a5 16. Rfc1 Nxc4 17. Bxb4 Bxb4 18. Qxc4 Rc8 19. Nc5 Qd6 20. h3 g6 21.
Nd3 Rc7 22. Nxb4 axb4 23. Ra6 Rfc8 24. Ra5 Rb8 25. Ra6 Rbc8 26. Qc5 Qxc5 27.
Rxc5 Kf8 28. g4 Ke7 29. Rb6 Kd6 30. Rxb4 Ra8 31. Kg2 h6 32. h4 Raa7 33. Rbc4
Rab7 34. b4 Rb6 35. g5 h5 36. Kf3 Ra7 37. Ra5 Rab7 38. Ke4 Ke7 39. Ra4 Kd6 40.
Ra8 Rb8 41. Ra4 R8b7 42. Kd3 Rb5 43. Kc3 R5b6 44. Rc5 Ke7 45. Rca5 Kd6 46. f4
Kd7 47. Ra8 Ke7 48. R8a6 Rxa6 49. Rxa6 Kd7 50. e4 Kc7 51. Kc4 Kd7 52. Ra4 Kd6
53. Ra5 Rc7 54. Ra6 Ke7 55. Kc5 Kd7 56. Kb6 Rc8 57. Ra7+ Kd6 58. Rxf7 Rb8+ 59.
Rb7 Rf8 60. e5+ Kd5 61. Rd7+ Kc4 62. Kxc6 Kxb4 63. d5 exd5 64. Kxd5 1-0

[Event "Interclubs Adultes"]
[Site "Evry"]
[Date "29.??.??"]
[Round "8.4"]
[White "Maze, Sebastien"]
[Black "Koch, Jean-Rene"]
[Result "0-1"]
[WhiteElo "2565"]
[BlackElo "2453"]
[PlyCount "76"]
[EventDate "29.??.??"]
[WhiteTeam "Montpellier"]
[BlackTeam "Metz Fischer"]

1. e4 e5 2. Nf3 Nf6 3. d4 Nxe4 4. dxe5 d5 5. Nbd2 Nxd2 6. Qxd2 h6 7. Bd3 c5 8.
c4 Be6 9. cxd5 Qxd5 10. Qe2 Nc6 11. Be4 Qd7 12. O-O Rd8 13. Bf4 Be7 14. Rfd1
Qc8 15. Rxd8+ Nxd8 16. Rc1 Nc6 17. Be3 O-O 18. a3 b6 19. b4 Bf5 20. Qc2 Bxe4
21. Qxe4 Rd8 22. h3 Nb8 23. bxc5 Bxc5 24. Bxc5 bxc5 25. Qc4 Qc6 26. Kh2 Nd7 27.
Rd1 Rc8 28. Qg4 Nf8 29. Rd6 Qc7 30. Nh4 c4 31. Nf5 Ng6 32. Rxg6 fxg6 33. Ne7+
Qxe7 34. Qxc8+ Kh7 35. f4 Qf7 36. Qg4 c3 37. e6 Qc7 38. Qe2 c2 0-1

[Event "Interclubs Adultes"]
[Site "Evry"]
[Date "29.??.??"]
[Round "8.5"]
[White "Neiman, Emmanuel"]
[Black "Bauer, Christian"]
[Result "0-1"]
[WhiteElo "2362"]
[BlackElo "2618"]
[PlyCount "130"]
[EventDate "29.??.??"]
[WhiteTeam "Metz Fischer"]
[BlackTeam "Montpellier"]

1. d4 e6 2. c4 Bb4+ 3. Bd2 a5 4. Nf3 Nf6 5. g3 d5 6. Bg2 O-O 7. Qc2 Be7 8. O-O
c6 9. c5 Nbd7 10. Nc3 b6 11. cxb6 Ba6 12. Rfc1 Qxb6 13. Na4 Qa7 14. e3 Bb5 15.
Nc3 Bc4 16. b3 Ba6 17. Na4 Ba3 18. Re1 Bb5 19. Nc3 Rfc8 20. Nxb5 cxb5 21. Qd3
b4 22. Rad1 Qc7 23. Qb1 Qc2 24. Bf1 Qxb1 25. Rxb1 Rc2 26. Ra1 Ne4 27. Red1 Bb2
28. Rab1 Bc3 29. Bxc3 bxc3 30. Rdc1 Rxa2 31. Bd3 Nxf2 32. Rxc3 Nh3+ 33. Kh1
Nf2+ 34. Kg1 Nxd3 35. Rxd3 Rc8 36. Rd2 Ra3 37. Ne1 g5 38. Rdb2 a4 39. bxa4 Rxa4
40. Rb7 Nf6 41. Nf3 Ne4 42. Ne5 Nd6 43. Rd7 Ra6 44. Rf1 Rf8 45. Rc1 Nf5 46. Rc3
Ra2 47. Nc6 Re2 48. Nd8 Nxe3 49. Rcc7 Rg2+ 50. Kh1 Rf2 51. h3 Rf6 52. g4 Nc4
53. Kg2 Kg7 54. Kg3 Nd2 55. Nc6 Ra8 56. Ra7 Rxa7 57. Rxa7 Rf4 58. Rb7 Ne4+ 59.
Kg2 Nd6 60. Rb8 h5 61. gxh5 Rh4 62. Ne7 Rxh5 63. Kg3 Rh4 64. Rg8+ Kf6 65. Nc6
Nf5+ 0-1

[Event "Interclubs Adultes"]
[Site "Evry"]
[Date "29.??.??"]
[Round "8.7"]
[White "Taddei, Benoit"]
[Black "Flear, Glenn C"]
[Result "0-1"]
[WhiteElo "2297"]
[BlackElo "2508"]
[PlyCount "116"]
[EventDate "29.??.??"]
[WhiteTeam "Metz Fischer"]
[BlackTeam "Montpellier"]

1. e4 e5 2. Nf3 Nc6 3. Bc4 Bc5 4. O-O Nf6 5. d4 exd4 6. e5 d5 7. exf6 dxc4 8.
fxg7 Rg8 9. Re1+ Be6 10. Bg5 Be7 11. Bxe7 Kxe7 12. Re4 d3 13. Nbd2 b5 14. a4 a6
15. axb5 axb5 16. Rxa8 dxc2 17. Qxc2 Qxa8 18. Qc3 Qd8 19. Re3 Kd7 20. b3 b4 21.
Qc2 Rxg7 22. Nxc4 Qa8 23. g3 Qa6 24. Qe4 Kc8 25. Nfe5 Ne7 26. Nxf7 Bxc4 27.
Qxe7 Rxf7 28. Qe8+ Kb7 29. bxc4 Qxc4 30. Re4 Qc1+ 31. Re1 Qc4 32. Re4 Qc1+ 33.
Kg2 Qc6 34. Qxc6+ Kxc6 35. Rxb4 Kd5 36. Kf1 c5 37. Rb2 Kd4 38. Ke2 Kc3 39. Rb8
c4 40. Rc8 Re7+ 41. Kd1 Rd7+ 42. Kc1 Ra7 43. Kb1 Re7 44. f4 Re1+ 45. Ka2 Re2+
46. Kb1 Rb2+ 47. Ka1 Rxh2 48. f5 Rf2 49. g4 Rf4 50. Rc7 h6 51. Kb1 Rxg4 52. f6
Rf4 53. f7 h5 54. Rc5 h4 55. Rh5 Rxf7 56. Rxh4 Kb3 57. Rh3+ c3 58. Ka1 Kc2 0-1

[Event "Interclubs Adultes"]
[Site "Evry"]
[Date "29.??.??"]
[Round "8.8"]
[White "Milliet, Sophie"]
[Black "Leclair, Marie"]
[Result "1-0"]
[WhiteElo "2354"]
[BlackElo "1974"]
[PlyCount "71"]
[EventDate "29.??.??"]
[WhiteTeam "Montpellier"]
[BlackTeam "Metz Fischer"]

1. e4 c5 2. Nc3 Nc6 3. Bb5 a6 4. Bxc6 bxc6 5. f4 d6 6. Nf3 e6 7. d3 Be7 8. O-O
Qc7 9. Qe1 d5 10. Qg3 d4 11. Na4 g6 12. b3 Nf6 13. Ne5 Bd7 14. Ba3 Qa5 15. Qe1
Qb5 16. c4 Qb8 17. Bxc5 Bxc5 18. Nxc5 Qb6 19. Qh4 Qxc5 20. Qxf6 Rf8 21. Nf3 Rd8
22. a3 Qb6 23. b4 c5 24. Ng5 h6 25. Nh7 Rg8 26. Qh4 cxb4 27. Nf6+ Kf8 28. Qxh6+
Ke7 29. Qg5 Kf8 30. Nxg8 Kxg8 31. axb4 Rb8 32. Rfb1 Qd6 33. Qe5 Qxe5 34. fxe5
Bc8 35. b5 axb5 36. Rxb5 1-0

[Event "Interclubs Adultes"]
[Site "Evry"]
[Date "29.05.29"]
[Round "8.3"]
[White "Palac, Mladen"]
[Black "Bricard, Emmanuel"]
[Result "0-1"]
[WhiteElo "2559"]
[BlackElo "2484"]
[PlyCount "67"]
[EventDate "29.??.??"]
[WhiteTeam "Cannes"]
[BlackTeam "Mulhouse Philidor"]

1. e4 e6 2. d4 d5 3. Nc3 Nc6 4. e5 f6 5. Bb5 Bd7 6. Nf3 Qe7 7. Bf4 O-O-O 8. Qd2
Qf7 9. h4 h5 10. O-O-O Nh6 11. Rhe1 Nf5 12. g3 Bb4 13. a3 Ba5 14. exf6 gxf6 15.
b4 Bb6 16. Na4 Nce7 17. Qc3 c6 18. Nxb6+ axb6 19. Bd3 Ng6 20. Bd2 Kc7 21. a4
Ra8 22. a5 Qf8 23. axb6+ Kxb6 24. Kb2 Qd6 25. Bxf5 exf5 26. Ng1 f4 27. Ne2 fxg3
28. fxg3 Bg4 29. Nf4 Nf8 30. Ra1 Nd7 31. Ng6 Rxa1 32. Rxa1 Re8 33. Bf4 Qe6 34.
b5 0-1

[Event "Interclubs Adultes"]
[Site "Evry"]
[Date "29.??.??"]
[Round "8.5"]
[White "Nataf, Igor-Alexandre"]
[Black "Fischer, Marc"]
[Result "1-0"]
[WhiteElo "2543"]
[BlackElo "2248"]
[PlyCount "68"]
[EventDate "29.??.??"]
[WhiteTeam "Cannes"]
[BlackTeam "Mulhouse Philidor"]

1. e4 e6 2. d4 d5 3. Nc3 Nf6 4. Bg5 Bb4 5. e5 h6 6. Bc1 Ne4 7. Qg4 Kf8 8. a3
Ba5 9. Nge2 Nxc3 10. Nxc3 c5 11. dxc5 Bxc3+ 12. bxc3 Nc6 13. Qg3 Qa5 14. a4 d4
15. Bb5 Qxc3+ 16. Qxc3 dxc3 17. O-O Ke7 18. Rd1 Bd7 19. Ba3 Rhd8 20. f4 Ke8 21.
Rd3 a6 22. Bc4 Na5 23. Ba2 Bxa4 24. Rxc3 Rd2 25. c6 Nxc6 26. Rg3 g6 27. c3 Bc2
28. Bc4 Rc8 29. Bf1 Bf5 30. Bd6 h5 31. h3 Rb2 32. Re3 Rb1 33. Rxb1 Bxb1 34. g4
Ne7 {Suite illisible} 1-0

[Event "Interclubs Adultes"]
[Site "Evry"]
[Date "29.??.??"]
[Round "8.6"]
[White "Schmitt, Fabien"]
[Black "Guidarelli, Laurent"]
[Result "0-1"]
[WhiteElo "2164"]
[BlackElo "2429"]
[PlyCount "112"]
[EventDate "29.??.??"]
[WhiteTeam "Mulhouse Philidor"]
[BlackTeam "Cannes"]

1. d4 d5 2. Nf3 Nf6 3. c4 c6 4. Qc2 g6 5. e3 Bg7 6. Bd3 O-O 7. Bd2 c5 8. dxc5
dxc4 9. Qxc4 Na6 10. Bc2 Be6 11. Qe2 Nd5 12. Nd4 Nxc5 13. Nxe6 Nxe6 14. Bc3
Bxc3+ 15. Nxc3 Nxc3 16. bxc3 Qa5 17. O-O Qxc3 18. Be4 Nc5 19. Rfc1 Qe5 20. Qb5
Rfc8 21. Bf3 Rc7 22. Rab1 Rac8 23. Rd1 a6 24. Qa5 b5 25. Rd5 Nb7 26. Qd2 Qc3
27. Qxc3 Rxc3 28. a4 Rc1+ 29. Rd1 Rxd1+ 30. Rxd1 Nd6 31. axb5 axb5 32. Rb1 Kf8
33. Kf1 Ke8 34. Be2 Rc5 35. Bd3 e5 36. f3 Kd7 37. Ke2 f5 38. Kd2 e4 39. Be2 Kc6
40. Ra1 Kb7 41. Ra2 Rc8 42. Bf1 Kb6 43. Be2 Nc4+ 44. Bxc4 Rxc4 45. Ra8 b4 46.
Rb8+ Ka5 47. Ra8+ Kb5 48. Ra7 b3 49. Rxh7 Kb4 50. Rb7+ Ka3 51. h4 Rc2+ 52. Kd1
Rc3 53. fxe4 fxe4 54. g4 b2 55. Ra7+ Kb3 56. Rb7+ Ka2 0-1

[Event "Interclubs Adultes"]
[Site "Evry"]
[Date "29.??.??"]
[Round "8.7"]
[White "Cornette, Matthieu"]
[Black "Guth, Noel"]
[Result "1-0"]
[WhiteElo "2496"]
[BlackElo "2107"]
[PlyCount "81"]
[EventDate "29.??.??"]
[WhiteTeam "Cannes"]
[BlackTeam "Mulhouse Philidor"]

1. e4 Nf6 2. e5 Nd5 3. d4 d6 4. c4 Nb6 5. exd6 exd6 6. Nc3 Be7 7. Bd3 Nc6 8.
Nge2 Bg4 9. Be3 Bf6 10. f3 Bh4+ 11. Ng3 Bh5 12. O-O Bxg3 13. hxg3 O-O 14. b3 d5
15. c5 Nc8 16. Be2 N8e7 17. g4 Bg6 18. f4 f5 19. g5 Qd7 20. g3 Nd8 21. b4 Ne6
22. Bf3 a6 23. Qb3 c6 24. Na4 Rae8 25. Nb2 Qc7 26. Nd1 Nxg5 27. fxg5 Qxg3+ 28.
Bg2 Qh4 29. Bf4 h6 30. gxh6 Nc8 31. hxg7 Rf7 32. Qh3 Qxh3 33. Bxh3 Kxg7 34.
Be5+ Kh7 35. Rf4 Kh6 36. Ne3 Rg8 37. Kf2 Ne7 38. Rh1 Kg5 39. Rg1+ Kh6 40. Rh4+
Bh5 41. Bf4+ 1-0

[Event "Interclubs Adultes"]
[Site "Evry"]
[Date "29.??.??"]
[Round "8.8"]
[White "Muller, Anne"]
[Black "Leconte, Maria"]
[Result "1-0"]
[WhiteElo "2165"]
[BlackElo "2336"]
[PlyCount "109"]
[EventDate "29.??.??"]
[WhiteTeam "Mulhouse Philidor"]
[BlackTeam "Cannes"]

1. e4 e6 2. d4 d5 3. exd5 exd5 4. Bf4 Bd6 5. Bxd6 Qxd6 6. c3 Nf6 7. Bd3 O-O 8.
Ne2 Nc6 9. Nd2 Bg4 10. O-O Ne7 11. Re1 Ng6 12. Qc2 b6 13. Nf1 c5 14. dxc5 bxc5
15. Ne3 Nh4 16. Ng3 g6 17. Nxg4 Nxg4 18. Be2 Qf4 19. Bxg4 Qxg4 20. Qe2 Qxe2 21.
Rxe2 Rfd8 22. Rd1 Rd7 23. Red2 Rad8 24. Ne4 Kg7 25. Nxc5 Re7 26. Kf1 Re5 27.
Nb3 Rg5 28. f3 Nf5 29. Kf2 Ne7 30. Nd4 Rb8 31. Re1 Rb7 32. g3 Kf6 33. Rde2 Nc8
34. g4 Nd6 35. h4 Ne4+ 36. Rxe4 dxe4 37. hxg5+ Kxg5 38. Rxe4 Rxb2+ 39. Re2 Rb1
40. c4 Rd1 41. Ke3 Rc1 42. Rc2 Re1+ 43. Kd2 Re8 44. c5 Kf4 45. c6 a6 46. Rc5 h6
47. Ra5 Rd8 48. Kd3 Rc8 49. Rxa6 h5 50. gxh5 gxh5 51. Ra7 Rf8 52. Re7 h4 53.
Re4+ Kg3 54. Rg4+ Kh3 55. Nf5 1-0

[Event "Interclubs Adultes"]
[Site "Evry"]
[Date "29.??.??"]
[Round "8.4"]
[White "Nezar, Mustapha"]
[Black "Feller, Sebastien"]
[Result "1/2-1/2"]
[WhiteElo "2397"]
[BlackElo "2540"]
[PlyCount "66"]
[EventDate "29.??.??"]
[WhiteTeam "Vandoeuvre"]
[BlackTeam "Evry Grand Roque"]

1. d4 Nf6 2. c4 g6 3. Nc3 Bg7 4. g3 O-O 5. Bg2 d6 6. Nf3 Nc6 7. O-O Bg4 8. d5
Na5 9. Nd2 c5 10. a3 a6 11. Rb1 Qc7 12. b3 Rab8 13. Bb2 b5 14. h3 Bd7 15. Qc2
Rfe8 16. Kh2 e5 17. dxe6 Bxe6 18. Nce4 Nxe4 19. Nxe4 Bf5 20. Bxg7 Bxe4 21. Bxe4
Kxg7 22. cxb5 axb5 23. Rfd1 b4 24. a4 f6 25. Bd5 Re5 26. e3 Ree8 27. Rd2 Qe7
28. Qd3 Rb6 29. Rc1 Qe5 30. h4 f5 31. Kg1 h6 32. Rcd1 Qc3 33. Qb1 Qf6 1/2-1/2

[Event "Interclubs Adultes"]
[Site "Evry"]
[Date "29.05.29"]
[Round "8.5"]
[White "Hauchard, Arnaud"]
[Black "Brunner, Nicolas"]
[Result "1/2-1/2"]
[WhiteElo "2490"]
[BlackElo "2404"]
[PlyCount "95"]
[EventDate "29.??.??"]
[WhiteTeam "Evry Grand Roque"]
[BlackTeam "Vandoeuvre"]

1. Nf3 d5 2. c4 c6 3. d4 Nf6 4. Qc2 dxc4 5. Qxc4 Bf5 6. g3 e6 7. Bg2 Nbd7 8.
O-O Be7 9. Nc3 O-O 10. Re1 Bg6 11. Bf4 Rc8 12. Qb3 b5 13. Rad1 a5 14. a3 a4 15.
Qa2 Bc2 16. Rc1 Bb3 17. Qb1 Qb6 18. Qd3 Nd5 19. Nd2 Nxf4 20. gxf4 b4 21. axb4
Qxb4 22. Nxb3 axb3 23. f5 exf5 24. d5 Qg4 25. dxc6 Ne5 26. Qb5 Ng6 27. Kh1 Bd6
28. e3 f4 29. Qe2 Qh4 30. h3 fxe3 31. Ne4 Nf4 32. Qg4 Qxg4 33. hxg4 exf2 34.
Nxf2 Nxg2 35. Kxg2 Rc7 36. Re4 f5 37. Re6 Bf4 38. Rc3 fxg4 39. Rxb3 h5 40. Rb5
Rfc8 41. Nd3 g5 42. Nxf4 gxf4 43. Rxh5 Rxc6 44. Rg5+ Kf7 45. Rxc6 Rxc6 46. Rxg4
Rc2+ 47. Kf3 Rxb2 48. Rxf4+ 1/2-1/2

[Event "Interclubs Adultes"]
[Site "Evry"]
[Date "29.??.??"]
[Round "8.6"]
[White "Philippe, Christophe"]
[Black "Chabanon, Jean-Luc"]
[Result "1-0"]
[WhiteElo "2407"]
[BlackElo "2454"]
[PlyCount "35"]
[EventDate "29.??.??"]
[WhiteTeam "Vandoeuvre"]
[BlackTeam "Evry Grand Roque"]

1. e4 d6 2. d4 Nf6 3. Nc3 g6 4. Be3 c6 5. h3 Qb6 6. Bd3 Qxb2 7. Nge2 Qb6 8. O-O
d5 9. Rb1 Qc7 10. exd5 cxd5 11. Bg5 Be6 12. Qe1 Nc6 13. Nf4 Nxd4 14. Nb5 Nxb5
15. Bxb5+ Nd7 16. Nxe6 fxe6 17. Qxe6 O-O-O 18. Ba6 1-0

[Event "Interclubs Adultes"]
[Site "Evry"]
[Date "29.??.??"]
[Round "8.7"]
[White "Pile, Richard"]
[Black "Paci, Cedric"]
[Result "1-0"]
[WhiteElo "2318"]
[BlackElo "2303"]
[PlyCount "95"]
[EventDate "29.??.??"]
[WhiteTeam "Evry Grand Roque"]
[BlackTeam "Vandoeuvre"]

1. e4 c5 2. Nf3 Nc6 3. d4 cxd4 4. Nxd4 g6 5. c4 Bg7 6. Be3 Nf6 7. Nc3 O-O 8.
Be2 d6 9. Qd2 Bd7 10. O-O Nxd4 11. Bxd4 Bc6 12. f3 Nd7 13. Be3 a5 14. b3 Nc5
15. Rab1 Qb6 16. Rfc1 Rfc8 17. Rc2 Qd8 18. Bf1 h5 19. g3 Qf8 20. Nd5 Bxd5 21.
cxd5 b6 22. Bh3 Rcb8 23. Kh1 Kh7 24. Qd1 Bh6 25. Bg1 Ra7 26. a3 Qd8 27. b4 axb4
28. axb4 Nd7 29. Rc6 Ne5 30. Bxb6 Rxb6 31. Rc8 Qxc8 32. Bxc8 Ra3 33. f4 Nd3 34.
Qd2 Bg7 35. Bh3 Bd4 36. Bf1 Nf2+ 37. Kg2 Be3 38. Qb2 Ra8 39. Kf3 Bc5 40. bxc5
Rxb2 41. Rxb2 Nd1 42. Rb3 dxc5 43. Be2 Ra1 44. e5 Rc1 45. d6 exd6 46. exd6 c4
47. Ra3 Nc3 48. d7 1-0

[Event "Interclubs Adultes"]
[Site "Evry"]
[Date "29.??.??"]
[Round "8.8"]
[White "Steil-Antoni, Fiona"]
[Black "Roumegous, Marina"]
[Result "0-1"]
[WhiteElo "2125"]
[BlackElo "2217"]
[PlyCount "134"]
[EventDate "29.??.??"]
[WhiteTeam "Vandoeuvre"]
[BlackTeam "Evry Grand Roque"]

1. e4 c6 2. d4 d5 3. f3 e6 4. Nc3 Bb4 5. Qd3 b6 6. Nge2 Nf6 7. Bg5 h6 8. Bh4
Ba6 9. Bxf6 Qxf6 10. Qe3 O-O 11. a3 Be7 12. O-O-O Qg5 13. f4 Qg6 14. Kb1 dxe4
15. Qxe4 f5 16. Qe3 Nd7 17. g3 Rac8 18. Bg2 Rfe8 19. Nc1 c5 20. d5 e5 21. fxe5
Bg5 22. Qf2 Nxe5 23. Bh3 Rf8 24. Rhe1 Qf6 25. d6 Bc4 26. Bg2 Rcd8 27. Bd5+ Bxd5
28. Rxd5 Nc4 29. Nb3 Rxd6 30. Rxd6 Qxd6 31. Qe2 Nd2+ 32. Nxd2 Qxd2 33. Qe6+ Kh7
34. Re2 Qd4 35. Nd5 Qg4 36. Rf2 h5 37. Ne7 Bxe7 38. Qxe7 Qd1+ 39. Ka2 Qd5+ 40.
b3 Rf7 41. Qg5 g6 42. g4 hxg4 43. Rd2 Qe6 44. Qh4+ Kg7 45. Rd8 Rf8 46. Rxf8
Kxf8 47. Qh6+ Kg8 48. Qf4 Qf6 49. Qb8+ Kg7 50. Qxa7+ Kh6 51. Qd7 Kg5 52. Qh7
Qc3 53. Qe7+ Kf4 54. Qd6+ Ke3 55. Kb1 Qe1+ 56. Kb2 Kf3 57. Qxg6 Qe5+ 58. Ka2 f4
59. Qd3+ Qe3 60. Qd1+ Qe2 61. Qd5+ Kf2 62. Qf5 Qf3 63. a4 Kg2 64. a5 bxa5 65.
Qxc5 Kxh2 66. Qh5+ Kg2 67. Qxa5 g3 0-1